| 000 | 00615nmm a2200181Ia 4500 | ||
|---|---|---|---|
| 008 | 251105s9999||||xx |||||||||||||||||und|| | ||
| 041 | _aspa | ||
| 100 | _aWilson, Guillermo Martínez, Juan Carlos Barroux (ed.) | ||
| 245 | 0 | _aJosefov: Un lugar sin tiempo | |
| 264 |
_a[Santiago de Chile, Chile] : _bEditorial Segismundo, _c2019 |
||
| 300 | _a31 páginas | ||
| 490 | _aNovelistos al Sur del Mundo | ||
| 650 | _aHistorical fiction | ||
| 700 | _aWilson, Guillermo Martínez, Juan Carlos Barroux (ed.) | ||
| 700 | 1 | _a Inostroza, Ricardo | |
| 856 | _uhttps://public.digitaliapublishing.com/a/62767 | ||
| 942 | _cCF | ||
| 999 |
_c72624 _d72624 |
||